| 000 -CABECERA |
| campo de control de longitud fija |
01357nam a2200373 a 4500 |
| 001 - NÚMERO DE CONTROL |
| campo de control |
C00604531 |
| 003 - IDENTIFICADOR DEL NÚMERO DE CONTROL |
| campo de control |
OSt |
| 005 - FECHA Y HORA DE LA ÚLTIMA TRANSACCIÓN |
| campo de control |
20221212111158.0 |
| 007 - CAMPO FIJO DE DESCRIPCIÓN FÍSICA--INFORMACIÓN GENERAL |
| campo de control de longitud fija |
ta |
| 008 - DATOS DE LONGITUD FIJA--INFORMACIÓN GENERAL |
| campo de control de longitud fija |
220223s2021 pe a g 00010 spa |
| 020 ## - NÚMERO INTERNACIONAL ESTÁNDAR DEL LIBRO |
| Número Internacional Estándar del Libro |
9786124732546 |
| 040 ## - FUENTE DE LA CATALOGACIÓN |
| Centro catalogador/agencia de origen |
Biblioteca Municipal del Cusco |
| Centro/agencia transcriptor |
bmc |
| 082 14 - NÚMERO DE LA CLASIFICACIÓN DECIMAL DEWEY |
| Número de clasificación |
985.0091 |
| 100 ## - ENTRADA PRINCIPAL--NOMBRE DE PERSONA |
| Nombre de persona |
Cummins, Thomas |
| 9 (RLIN) |
3242 |
| 245 ## - MENCIÓN DE TÍTULO |
| Título |
Vida y obra Fray Martín de Murua / |
| Mención de responsabilidad, etc. |
Thomas Cummins y Juan Ossio, curadores. |
| 264 31 - PRODUCCIÓN, PUBLICACIÓN, DISTRIBUCIÓN, FABRICACIÓN Y COPYRIGHT |
| Producción, publicación, distribución, fabricación y copyright |
Lima : |
| Nombre del de productor, editor, distribuidor, fabricante |
EY, Ernest & Young Perú, |
| Fecha de producción, publicación, distribución, fabricación o copyright |
2019. |
| 300 ## - DESCRIPCIÓN FÍSICA |
| Extensión |
461 páginas. : |
| Otras características físicas |
ilustraciones en color, facsimil, retratos ; |
| Dimensiones |
29 cm. |
| 336 ## - TIPO DE CONTENIDO |
| Término de tipo de contenido |
Texto |
| Fuente |
rdacontent |
| 337 ## - TIPO DE MEDIO |
| Nombre/término del tipo de medio |
sin mediación |
| Fuente |
rdamedia |
| 500 ## - NOTA GENERAL |
| Nota general |
Texto con encuadernación en tapa dura. |
| 650 18 - PUNTO DE ACCESO ADICIONAL DE MATERIA--TÉRMINO DE MATERIA |
| Término de materia o nombre geográfico como elemento de entrada |
Incas |
| Subdivisión general |
-Historia. |
| 9 (RLIN) |
48205 |
| 650 18 - PUNTO DE ACCESO ADICIONAL DE MATERIA--TÉRMINO DE MATERIA |
| Término de materia o nombre geográfico como elemento de entrada |
Inkas |
| 9 (RLIN) |
1899 |
| 650 28 - PUNTO DE ACCESO ADICIONAL DE MATERIA--TÉRMINO DE MATERIA |
| Término de materia o nombre geográfico como elemento de entrada |
Incas |
| Subdivisión general |
-Aspectos religiosos. |
| 9 (RLIN) |
48772 |
| 650 28 - PUNTO DE ACCESO ADICIONAL DE MATERIA--TÉRMINO DE MATERIA |
| Término de materia o nombre geográfico como elemento de entrada |
Incas |
| Subdivisión general |
-Aspectos económicos |
| Subdivisión geográfica |
-Perú. |
| 9 (RLIN) |
48773 |
| 650 28 - PUNTO DE ACCESO ADICIONAL DE MATERIA--TÉRMINO DE MATERIA |
| Término de materia o nombre geográfico como elemento de entrada |
Fray Martín de Murua |
| 9 (RLIN) |
46497 |
| 650 28 - PUNTO DE ACCESO ADICIONAL DE MATERIA--TÉRMINO DE MATERIA |
| Término de materia o nombre geográfico como elemento de entrada |
Cronistas |
| 9 (RLIN) |
1200 |
| 650 28 - PUNTO DE ACCESO ADICIONAL DE MATERIA--TÉRMINO DE MATERIA |
| Término de materia o nombre geográfico como elemento de entrada |
Crónicas |
| 9 (RLIN) |
48786 |
| 651 #8 - PUNTO DE ACCESO ADICIONAL DE MATERIA--NOMBRE GEOGRÁFICO |
| Nombre geográfico |
Perú |
| Subdivisión general |
-Historia |
| Subdivisión cronológica |
-Época Prehispánica. |
| 9 (RLIN) |
48011 |
| 700 ## - PUNTO DE ACCESO ADICIONAL--NOMBRE DE PERSONA |
| Nombre de persona |
Ossio, Juan |
| Término indicativo de función/relación |
curador |
| 9 (RLIN) |
48787 |
| 710 2# - PUNTO DE ACCESO ADICIONAL--NOMBRE DE ENTIDAD CORPORATIVA |
| Nombre de entidad corporativa o nombre de jurisdicción como elemento de entrada |
EY, Ernst & Young Perú, |
| Término indicativo de función/relación |
entidad editora. |
| 9 (RLIN) |
48776 |
| 856 ## - LOCALIZACIÓN Y ACCESO ELECTRÓNICOS |
| Identificador Uniforme del Recurso |
<a href="https://assets.ey.com/content/dam/ey-sites/ey-com/es_pe/topics/growth/ey-vida-obra-fray-martin-murua-v2.pdf">https://assets.ey.com/content/dam/ey-sites/ey-com/es_pe/topics/growth/ey-vida-obra-fray-martin-murua-v2.pdf</a> |
| Nota pública |
Leer en digital |
| 942 ## - ELEMENTOS DE PUNTO DE ACCESO ADICIONAL (KOHA) |
| Fuente del sistema de clasificación o colocación |
|
| Tipo de ítem Koha |
Libros-BMC |